[Event "Novi Sad Serbian op"]
[Site "Novi Sad"]
[Date "2016.11.13"]
[Round "9"]
[White "Bensaid, Simon"]
[Black "Vujinovic, Predrag"]
[Result "0-1"]
[WhiteElo "1965"]
[BlackElo "2047"]
[PlyCount "90"]
[EventDate "2016.11.06"]
[EventType "swiss"]
[EventRounds "9"]
[EventCountry "SRB"]
[SourceTitle "CBM 175 Extra"]
[Source "ChessBase"]
[SourceDate "2016.12.12"]
[SourceVersion "1"]
[SourceVersionDate "2016.12.12"]
[SourceQuality "1"]

1. e4 e5 2. Nf3 Nf6 3. Nxe5 d6 4. Nf3 Nxe4 5. Nc3 Nf6 6. d4 d5 7. Bf4 Bb4 8. a3 Bxc3+ 9. bxc3 0-0 10. Be2 Re8 11. Nd2 Qe7 12. Be3 Nbd7 13. 0-0 Nb6 14. c4 Na4 15. Qc1 Nc3 16. Bd3 Bf5 17. Re1 Nce4 18. Qb2 c6 19. Rab1 b6 20. cxd5 Nxd5 21. c4 Ndf6 22. Bg5 Qd7 23. Nxe4 Bxe4 24. Bxe4 Nxe4 25. Be3 Re6 26. Rbd1 Rg6 27. f3 Nd6 28. Qc2 Rd8 29. Bf2 Nf5 30. Qe4 Re6 31. Qf4 Rf6 32. Qe5 h6 33. g4 Rg6 34. Kh1 Nd6 35. Qe2 Re6 36. Qc2 Rde8 37. Re5 Nxc4 38. Rxe6 Qxe6 39. Rc1 b5 40. Qc3 Qf6 41. Kg2 Re2 42. Kg1 Qf4 43. Rf1 Nd2 44. Bg3 Qe3+ 45. Qxe3 Rxe3 0-1

[Event "Novi Sad Serbian op"]
[Site "Novi Sad"]
[Date "2016.11.06"]
[Round "1"]
[White "Vujinovic, Predrag"]
[Black "Laketic, Gojko"]
[Result "0-1"]
[WhiteElo "2047"]
[BlackElo "2375"]
[PlyCount "102"]
[EventDate "2016.11.06"]
[EventType "swiss"]
[EventRounds "9"]
[EventCountry "SRB"]
[SourceTitle "CBM 175 Extra"]
[Source "ChessBase"]
[SourceDate "2016.12.12"]
[SourceVersion "1"]
[SourceVersionDate "2016.12.12"]
[SourceQuality "1"]

1. e4 Nf6 2. Nc3 e5 3. Nf3 d6 4. Bc4 Be7 5. 0-0 0-0 6. d4 Nbd7 7. Be3 c6 8. a4 a5 9. Ng5 exd4 10. Bxd4 Ne5 11. Bxe5 dxe5 12. Qxd8 Bxd8 13. Rad1 Bc7 14. h3 h6 15. Nf3 Bd7 16. Rd2 Rfd8 17. Rfd1 Kf8 18. g4 Ke7 19. Kg2 Be8 20. Ne1 Rxd2 21. Rxd2 Rd8 22. Rxd8 Bxd8 23. Nd3 Nd7 24. Ne2 Kd6 25. f4 exf4 26. Nexf4 Ne5 27. Nxe5 Kxe5 28. Kf3 Bg5 29. Ne2 g6 30. Bd3 Bd7 31. c3 Be6 32. Nd4 Ba2 33. Bc2 Bc4 34. b3 Bf1 35. Ne2 Bxh3 36. Ng3 Bd2 37. c4 Be1 38. Bd3 Bxg3 39. Kxg3 Kd4 40. Be2 Ke3 41. Bd1 Bf1 42. Bc2 g5 43. e5 Bd3 44. Bd1 Be4 45. b4 axb4 46. Bb3 c5 47. a5 Bc6 48. Bc2 Kd4 49. Kf2 Be4 50. Ba4 Bd3 51. Bb3 Bxc4 0-1